| 000 | 00720cam a2200217 4500 | ||
|---|---|---|---|
| 008 | 070427t19921992nyua 000 0 eng u | ||
| 020 | _a0387549048 | ||
| 035 | _aa460333 | ||
| 100 | 1 | _aCresti, M. | |
| 245 | 1 | 0 |
_aAtlas of sexual reproduction in flowering plants / _cM. Cresti, S. Blackmore, J. L. van Went. |
| 260 |
_aNew York : _bSpringer-Verlag, _cc1992 |
||
| 300 |
_axi, 249 p. : _bil. ; _c28 cm. |
||
| 504 | _aIncluye bibliografía e índice | ||
| 650 | 4 |
_aAngiospermas _xReproducción _vAtlas |
|
| 650 | 4 |
_aPlantas _xReproducción _vAtlas |
|
| 650 | 4 |
_aSexo en las plantas _vAtlas |
|
| 700 | 1 | _aBlackmore, S., coaut. | |
| 700 | 1 | _aWent, J. L. van, coaut | |
| 942 |
_2lcc _cLIB |
||
| 999 |
_c90401 _d90401 |
||